00594nam a22001337a 4500008004100000082001800041245020100059260003700260300001000297710002400307942001200331999001500343952010200358230612b xxu||||| |||| 00| 0 eng d a10015435bKEN aReport of the Controller and Auditor General on The Appropriation Accounts, Other Public Accounts and the Accounts of the funds of the Republic of Kenya for the Year 2008/2009cGovernment of Kenya aKenyabGovernment of Kenyac2009 a764 p bGovernment of Kenya 2ddccBK c1001d1001 00102ddc4070a001b001d2023-06-12l0o354.676200723 KENp10015435r2023-06-12w2023-06-12yBK